Developments in Islamic banking : (Record no. 190831)

MARC details
000 -LEADER
fixed length control field 01294nam a2200349 a 4500
001 - CONTROL NUMBER
control field vtls000184132
003 - CONTROL NUMBER IDENTIFIER
control field NLI
005 - DATE AND TIME OF LATEST TRANSACTION
control field 20210602111254.0
008 - FIXED-LENGTH DATA ELEMENTS--GENERAL INFORMATION
fixed length control field 101125s2008 enka 001 0 eng
020 ## - INTERNATIONAL STANDARD BOOK NUMBER
International Standard Book Number 1403998779 :
Terms of availability USD 60.00
039 #9 - LEVEL OF BIBLIOGRAPHIC CONTROL AND CODING DETAIL [OBSOLETE]
-- 201011252216
-- VLOAD
040 ## - CATALOGING SOURCE
Original cataloging agency NLI
Language of cataloging eng
Transcribing agency Datasoft 1
Description conventions AACR2
041 0# - LANGUAGE CODE
Language code of text/sound track or separate title eng
044 ## - COUNTRY OF PUBLISHING/PRODUCING ENTITY CODE
MARC country code enk
082 04 - DEWEY DECIMAL CLASSIFICATION NUMBER
Classification number 332.1
100 1# - MAIN ENTRY--PERSONAL NAME
Personal name Khan, M. Mansoor
Fuller form of name (Mohammed Mansoor),
Dates associated with a name 1968-
9 (RLIN) 359456
245 10 - TITLE STATEMENT
Title Developments in Islamic banking :
Remainder of title the case of Pakistan /
Statement of responsibility, etc. M. Mansoor Khan and M. Ishaq Bhatti
260 ## - PUBLICATION, DISTRIBUTION, ETC.
Place of publication, distribution, etc. Basingstoke :
Name of publisher, distributor, etc. Palgrave Macmillan,
Date of publication, distribution, etc. 2008
300 ## - PHYSICAL DESCRIPTION
Extent xxv, 264 p. :
Other physical details ill. ;
Dimensions 23 cm.
440 #0 - SERIES STATEMENT/ADDED ENTRY--TITLE
Title Palgrave Macmillan studies in banking and financial institutions
9 (RLIN) 357583
500 ## - GENERAL NOTE
General note Includes index
650 #0 - SUBJECT ADDED ENTRY--TOPICAL TERM
Topical term or geographic name entry element Banks and banking, Pakistani
9 (RLIN) 359457
650 #0 - SUBJECT ADDED ENTRY--TOPICAL TERM
Topical term or geographic name entry element Banks and banking
General subdivision Religious aspects
-- Islam
9 (RLIN) 4687
650 #0 - SUBJECT ADDED ENTRY--TOPICAL TERM
Topical term or geographic name entry element Banks and banking
Geographic subdivision Pakistan
9 (RLIN) 358221
700 1# - ADDED ENTRY--PERSONAL NAME
Personal name Bhatti, M. Ishaq,
Dates associated with a name 1957-,
Relationship jt. aut
9 (RLIN) 359458
887 ## - NON-MARC INFORMATION FIELD
Content of non-MARC field
901 ## - LOCAL DATA ELEMENT A, LDA (RLIN)
a 560333
b 23.2.2009
902 ## - LOCAL DATA ELEMENT B, LDB (RLIN)
a E 332.1 K 527
942 ## - ADDED ENTRY ELEMENTS (KOHA)
Source of classification or shelving scheme Dewey Decimal Classification
Koha item type Books
949 ## - LOCAL PROCESSING INFORMATION (OCLC)
-- VIRTUAITEM
-- 10000
-- 100
6 PUR000560333ENG
Holdings
Withdrawn status Lost status Damaged status Not for loan Collection code Home library Current library Shelving location Date acquired Total Checkouts Full call number Barcode Date last seen Price effective from Koha item type
        New English National Library of India National Library of India New English - Main Stack Division     E 332.1 K 527 PUR000560333ENG 02/06/2021 02/06/2021 Books
                                                                           
web counter

Copyright ©2020 The National Library of India, Govt. of India ↔ Hosted by NVLI, MOC ↔ Technology and Design by National Library of India, Ministry of Culture, Govt. of India